000 00215 a2200097 4500
001 19358
100 _aPressman
245 _aDesign of Transistorized Circuit
260 _a
_bJohn, F Rider
_c
090 _c14213
_d14213
942 _aNUST-CAE
_cM
_c4685
999 _c254431
_d254431